Matemáticas aplicadas para administración, economía y ciencias sociales (Registro nro. 4561)
[ vista simple ]
| 000 -LEADER | |
|---|---|
| fixed length control field | 01685 a2200277 4500 |
| 001 - CONTROL NUMBER | |
| control field | 48122 |
| 005 - DATE AND TIME OF LATEST TRANSACTION | |
| control field | 20260407155748.0 |
| 008 - FIXED-LENGTH DATA ELEMENTS--GENERAL INFORMATION | |
| fixed length control field | 260407a2007 arg spa d |
| 003 - CONTROL NUMBER IDENTIFIER | |
| control field | AR-UNSa-BCEJYS |
| 040 ## - CATALOGING SOURCE | |
| Original cataloging agency | AR-UNSa-BCEJYS |
| Language of cataloging | spa |
| Transcribing agency | AR-UNSa-BCEJYS |
| 080 ## - UNIVERSAL DECIMAL CLASSIFICATION NUMBER | |
| Universal Decimal Classification number | 510 |
| Common auxiliary subdivision | Consideraciones fundamentales y generales de las matemáticas<br/> |
| 020 ## - INTERNATIONAL STANDARD BOOK NUMBER | |
| International Standard Book Number | 970-10-5698-1 |
| 041 ## - LANGUAGE CODE | |
| Language code of text/sound track or separate title | spa |
| 100 1# - MAIN ENTRY--PERSONAL NAME | |
| Personal name | Budnick, Frank S. |
| 245 10 - TITLE STATEMENT | |
| Title | Matemáticas aplicadas para administración, economía y ciencias sociales |
| 250 ## - EDITION STATEMENT | |
| Edition statement | 4a. ed. |
| 264 #1 - PRODUCTION, PUBLICATION, DISTRIBUTION, MANUFACTURE, AND COPYRIGHT NOTICE | |
| Place of production, publication, distribution, manufacture | México : |
| Name of producer, publisher, distributor, manufacturer | McGraw-Hill |
| Date of production, publication, distribution, manufacture, or copyright notice | 2007 |
| 300 ## - PHYSICAL DESCRIPTION | |
| Extent | xxvi, 1033 p. |
| Dimensions | 23 cm. |
| 505 ## - FORMATTED CONTENTS NOTE | |
| Formatted contents note | 1. Algunos conocimientos preliminares - 2. Ecuaciones lineales - 3. Sistema de ecuaciones lineales - 4. Funciones matemáticas - 5. Funciones lineales: Aplicaciones - 6. Funciones cuadráticas y polinomiales - 7. Funciones exponenciales y logarítmicas - 8. Matemáticas de las finanzas - 9. Álgebra matrical - 10. Programación lineal: Introducción - 11. Métodos simplex y métodos de solución por computadora - 12. Modelos de transporte y asignación - 13. Introducción a la teoría de la probabilidad - 14. Distribuciones de probabilidad - 15. Diferenciación - 16. Optimización: Metodología - 17. Optimización: Aplicaciones - 18. Cálculo integral: Una introducción - 19. Cálculo integral: Aplicaciones - 20. Optimización: Funciones de varias variables. |
| 590 ## - LOCAL NOTE (RLIN) | |
| Local note | niveau_biblio:m niveau_hierar:0 |
| 700 1# - ADDED ENTRY--PERSONAL NAME | |
| Personal name | Díaz - Díaz, José Julian |
| 700 1# - ADDED ENTRY--PERSONAL NAME | |
| Personal name | Alatorre Miguel, Efrén |
| 700 1# - ADDED ENTRY--PERSONAL NAME | |
| Personal name | Gómez Castillo, Raúl |
| 856 41 - ELECTRONIC LOCATION AND ACCESS | |
| Uniform Resource Identifier | <a href="https://www.biblioeco.unsa.edu.ar/pmb/images/libros/L127875.jpg">https://www.biblioeco.unsa.edu.ar/pmb/images/libros/L127875.jpg</a> |
| Link text | Imagen de portada |
| Electronic format type | image/jpeg |
| 942 ## - ADDED ENTRY ELEMENTS (KOHA) | |
| Koha item type | |
| Withdrawn status | Lost status | Damaged status | Not for loan | Home library | Current library | Shelving location | Date acquired | Total checkouts | Full call number | Barcode | Date last seen | Price effective from | Koha item type |
|---|---|---|---|---|---|---|---|---|---|---|---|---|---|
| Biblioteca Prof. Eusebio Cleto del Rey | Biblioteca Prof. Eusebio Cleto del Rey | 07/04/2026 | 510 B927 4ed. | L127875 | 07/04/2026 | 07/04/2026 | Libro |